Zgadnij partie w Sejmie i w Senacie - Statystyki

Ogólne statystyki
  • Ten quiz został rozwiązany 43 razy
  • Średni wynik to 7 z 10
Statystyki odpowiedzi
Sejm Senat Partia Prezes/lider* % Poprawnych
188 34 Prawo i Sprawiedliwość Jarosław Kaczyński
97%
157 43 Koalicja Obywatelska Donald Tusk
95%
3 0 Konfederacja Korony Polskiej Grzegorz Braun
92%
16 0 Konfederacja WiN Sławomir Mentzen
92%
21 8 Lewica Robert Biedroń
90%
30 12 Polska 2050 Szymona Hołowni Szymon Hołownia
90%
5 0 Razem Adrian Zandberg
79%
32 0 Polskie Stronnictwo Ludowe Władysław Kosiniak-Kamysz
62%
4 0 Wolni Republikanie Marek Jakubiak
23%
0 3 Niezależni i Samorządni Zygmunt Frankiewicz
3%
Nie znaleziono quizów pasujących do podanych kryteriów
Rozkład punktacji
Procent ludzi z każdym wynikiem
Percentyl według liczby udzielonych odpowiedzi
Twoja historia wyników
Nie rozwiązałeś tego quizu